Learning Resource and Development

The MySQL workshop : (Record no. 30508)

MARC details
000 -LEADER
fixed length control field 04623nam a2200325 i 4500
003 - CONTROL NUMBER IDENTIFIER
control field CSPC
005 - DATE AND TIME OF LATEST TRANSACTION
control field 20250918150850.0
008 - FIXED-LENGTH DATA ELEMENTS--GENERAL INFORMATION
fixed length control field 250916s2022 -uk 001 0 eng d
020 ## - INTERNATIONAL STANDARD BOOK NUMBER
International Standard Book Number 9781839214905
040 ## - CATALOGING SOURCE
Transcribing agency CSPC
Original cataloging agency CSPC
Language of cataloging eng
Description conventions rda
050 04 - LIBRARY OF CONGRESS CALL NUMBER
Classification number QA76.73.S67
Item number .P488 2022
082 04 - DEWEY DECIMAL CLASSIFICATION NUMBER
Classification number 005.756
Item number P455m
Edition number 23
100 1# - MAIN ENTRY--PERSONAL NAME
Personal name Pettit, Thomas,
Relator term author.
245 14 - TITLE STATEMENT
Title The MySQL workshop :
Remainder of title a practical guide to working with data and managing databases with MySQL /
Statement of responsibility, etc. Thomas Pettit and Scott Cosentino.
264 #1 - PRODUCTION, PUBLICATION, DISTRIBUTION, MANUFACTURE, AND COPYRIGHT NOTICE
Place of production, publication, distribution, manufacture Birmingham, UK :
Name of producer, publisher, distributor, manufacturer Packt Publishing,
Date of production, publication, distribution, manufacture, or copyright notice 2022.
300 ## - PHYSICAL DESCRIPTION
Extent xxi, 702 pages ;
Dimensions 24 cm.
336 ## - CONTENT TYPE
Source rdacontent
Content type term text
337 ## - MEDIA TYPE
Source rdamedia
Media type term unmediated
338 ## - CARRIER TYPE
Source rdacarrier
Carrier type term volume
500 ## - GENERAL NOTE
General note Includes index.
505 0# - FORMATTED CONTENTS NOTE
Formatted contents note Section 1: Creating your database -- Background concepts -- Creating a database -- Using SQL to work with a database -- Selecting, aggregating, and applying functions -- Section 2: Managing your database -- Correlating data across tables -- Stored procedures and other objects -- Creating database clients in Node.js -- Working with data using Node.js -- Section 3: Querying your database -- Microsoft access - part 1 -- Microsoft access - part 2 -- MS excel VBA and MySQL - part 1 -- Working with Microsoft excel VBA - part 2 -- Section 4: Protecting your database -- Getting data into MySQL -- Manipulating user permissions -- Logical backups.
520 ## - SUMMARY, ETC.
Summary, etc. "Learning MySQL just got a whole lot easier, thanks to this hands-on workshop, complete with simple explanations, engaging examples, and realistic exercises that focus on helping you to build and maintain databases effectively Key Features Learn how to set up and maintain a MySQL database Run SQL queries to create, retrieve, and manipulate data Use MySQL effectively with common business applications such as Excel and MS Access Book Description Do you want to learn how to create and maintain databases effectively? Are you looking for simple answers to basic MySQL questions as well as straightforward examples that you can use at work? If so, this workshop is the right choice for you. Designed to build your confidence through hands-on practice, this book uses a simple approach that focuses on the practical, so you can get straight down to business without having to wade through pages and pages of dull, dry theory. As you work through bite-sized exercises and activities, you'll learn how to use different MySQL tools to create a database and manage the data within it. You'll see how to transfer data between a MySQL database and other sources, and use real-world datasets to gain valuable experience of manipulating and gaining insights from data. As you progress, you'll discover how to protect your database by managing user permissions and performing logical backups and restores. If you've already tried to teach yourself SQL, but haven't been able to make the leap from understanding simple queries to working on live projects with a real database management system, The MySQL Workshop will get you on the right track. By the end of this MySQL book, you'll have the knowledge, skills, and confidence to advance your career and tackle your own ambitious projects with MySQL. What you will learn Understand the concepts of relational databases and document stores Use SQL queries, stored procedures, views, functions, and transactions Connect to and manipulate data using MS Access, MS Excel, and Visual Basic for Applications (VBA) Read and write data in the CSV or JSON format using MySQL Manage data while running MySQL Shell in JavaScript mode Use X DevAPI to access a NoSQL interface for MySQL Manage user roles, credentials, and privileges to keep data secure Perform a logical database backup with mysqldump and mysqlpump Who this book is for This book is for anyone who wants to learn how to use MySQL in a productive, efficient way. If you're totally new to MySQL, it'll help you get started or if you've used MySQL before, it'll fill in any gaps, consolidate key concepts, and offer valuable hands-on practice. Prior knowledge of simple SQL or basic programming techniques will help you in quickly grasping the concepts covered, but is not necessary."
650 #0 - SUBJECT ADDED ENTRY--TOPICAL TERM
Topical term or geographic name entry element MySQL (Electronic resource).
650 #4 - SUBJECT ADDED ENTRY--TOPICAL TERM
Topical term or geographic name entry element COMPUTERS / Programming Languages / SQL.
650 #4 - SUBJECT ADDED ENTRY--TOPICAL TERM
Topical term or geographic name entry element COMPUTERS / Database Management / General.
650 #4 - SUBJECT ADDED ENTRY--TOPICAL TERM
Topical term or geographic name entry element COMPUTERS / Programming / Open Source.
700 1# - ADDED ENTRY--PERSONAL NAME
Personal name Cosentino, Scott,
Relator term author.
942 ## - ADDED ENTRY ELEMENTS (KOHA)
Source of classification or shelving scheme Dewey Decimal Classification
Suppress in OPAC No
Koha item type Books
Classification part 005.756
Item part P455m
Call number prefix GRD
Call number suffix 2022
Edition 23
Holdings
Withdrawn status Lost status Source of classification or shelving scheme Damaged status Not for loan Home library Current library Shelving location Date acquired Total Checkouts Full call number Barcode Date last seen Copy number Price effective from Koha item type
    Dewey Decimal Classification     Main Library Main Library Graduate School Library 09/16/2025   GRD 005.756 P455m 2022 030195 09/16/2025 1-2 09/16/2025 Books
    Dewey Decimal Classification     Main Library Main Library Graduate School Library 09/16/2025   GRD 005.756 P455m 2022 030196 09/16/2025 2-2 09/16/2025 Books